Students with mild exceptionalities: characteristic and applications

Guardat en:
Dades bibliogràfiques
Autor principal: ZENTALL, Sydney S.
Format: Llibre
Idioma:anglès
Publicat: Sage Publications 2014.
Etiquetes: Afegir etiqueta
Sense etiquetes, Sigues el primer a etiquetar aquest registre!

MARC

LEADER 00000nam a22000007a 4500
008 210920b ||||| |||| 00| 0 eng d
020 |a 978-1-4129-7470-7 
100 |a ZENTALL, Sydney S. 
245 |a Students with mild exceptionalities:   |b characteristic and applications  |c Sydney S. Zentall.  |g xxi, 566p. : ill. 
260 |b Sage Publications  |c 2014.   |h Los Angeles   |i 692002  |i 692003  |l LC4705 .Ze4  |m Learning disabled children – Education.   |m Special education.   |m Inclusive education 
500 |a  “It includes index and references” 
942 |a lcc  |c BK  |e YUNUSA, A.A.  |f 20/9/21 
952 |0 0  |1 0  |2 lcc  |4 0  |6 LC4705 Z E4  |7 0  |9 3598  |a HOL  |b ED  |c LP  |d 2021-09-20  |l 0  |o LC4705 .Ze4  |p 2021-67337  |r 2021-09-20 00:00:00  |w 2021-09-20  |y BK 
952 |0 0  |1 0  |2 lcc  |4 0  |7 0  |9 3599  |a HOL  |b HOL  |c LP  |d 2021-09-20  |o LC4705 .Ze4  |p 2021-67338  |r 2021-09-20 00:00:00  |w 2021-09-20  |y BK 
999 |c 1783  |d 1783